00549nam a2200121Ia 4500008004100000020001800041082001800059110007900077245009600156260002100252300001000273650014400283120629s9999 xx 000 0 und d a968-892-062-9 a317.272 M479e aMéxico. Instituto Nacional de Estadística, Geografía e Informática aEstados Unidos Mexicanos : resumen general XI censo general de población y vivienda, 1990 aMéxico : INEGI a770 p a1. MEXICO-ESTADISTICAS \ 2. VIVIENDA-MEXICO \ 3. CONDICIONES SOCIALES Y CULTURALES \ 4. CONDICIONES ECONOMICAS-MEXICO \ 5. CENSOS-MEXICOÌ